Normal view
MARC view
- Silver, Pete
Entry Personal Name
001 - CONTROL NUMBER
- control field: 37546
003 - CONTROL NUMBER IDENTIFIER
- control field: OSt
005 - DATE AND TIME OF LATEST TRANSACTION
- control field: 20150330124703.0
008 - FIXED-LENGTH DATA ELEMENTS
- fixed length control field: 150330|| aca||aabn | a|a d
040 ## - CATALOGING SOURCE
- Original cataloging agency: OSt
100 1# - HEADING--PERSONAL NAME
- Personal name: Silver, Pete
- Titles and other words associated with a name: (Architect)
400 1# - SEE FROM TRACING--PERSONAL NAME
- Personal name: Silver, Pete,
- Titles and other words associated with a name: AA Dipl., Reg. Arch.
400 1# - SEE FROM TRACING--PERSONAL NAME
- Personal name: Silver, Peter,
- Titles and other words associated with a name: AA Dipl., Reg. Arch.